000 00474nam a2200205Ia 4500
008 210210b2009 xxu||||| |||| 00| 0 eng d
020 _a9788173716416
041 _aeng
082 _a595.44 SEBS
100 _aSEBASTIAN (P A)
245 _aSpiders of India
260 _aHyderabad
_bUniversities Press
_c2009
300 _axxiv--708
650 _aSpiders
650 _aof
650 _aIndia
690 _aInsects
700 _aPETER (K V) Ed
906 _aSG05199
999 _c136535
_d136535